Heat and mass transfer (Record no. 5861)

000 -LEADER
fixed length control field 00529nam a2200205 4500
001 - CONTROL NUMBER
control field 5861
003 - CONTROL NUMBER IDENTIFIER
control field BD-DhUET
008 - FIXED-LENGTH DATA ELEMENTS--GENERAL INFORMATION
fixed length control field 700409m19679999is a b 000 0 eng
040 ## - CATALOGING SOURCE
Original cataloging agency DLC
Transcribing agency DLC
Modifying agency BD-DhUET
082 00 - DEWEY DECIMAL CLASSIFICATION NUMBER
Classification number 621.011
Item number ECK/1959
100 ## - MAIN ENTRY--PERSONAL NAME
Personal name Eckert, R. R. G.
245 00 - TITLE STATEMENT
Title Heat and mass transfer
250 ## - EDITION STATEMENT
Edition statement 2nd ed.
260 ## - PUBLICATION, DISTRIBUTION, ETC. (IMPRINT)
Place of publication, distribution, etc. New York
Name of publisher, distributor, etc. McGraw-Hill
Date of publication, distribution, etc. 1959
300 ## - PHYSICAL DESCRIPTION
Extent xiv, 530p.
490 1# - SERIES STATEMENT
Series statement McGraw-Hill series in mechanical engineering
650 #0 - SUBJECT ADDED ENTRY--TOPICAL TERM
Topical term or geographic name as entry element Heat-Transmission
700 ## - ADDED ENTRY--PERSONAL NAME
Personal name Drake, Robert M.
942 ## - ADDED ENTRY ELEMENTS (KOHA)
Koha item type General Book
Holdings
Not for loan Price effective from Location (home branch) Koha issues (times borrowed) Koha date last borrowed Koha normalized classification for sorting Damaged status Date acquired Shelving location Piece designation (barcode) Sublocation or collection (holding branch) Source of classification or shelving scheme Koha full call number Koha item type Lost status Withdrawn status Copy number Koha date last seen
 2014-11-29Central Library, BUET  621_011000000000000_ECK_1959 2014-11-29Circulation section36668Central Library, BUET 621.011/ECK/1959General Book   2014-11-29
 2014-12-03Central Library, BUET  621_000000000000000_011ECK1959 2014-12-03Circulation section14884Central Library, BUET 621.011/ECK/1959General Book  22014-12-03
 2015-04-12Central Library, BUET  621_011000000000000_ECK_1959 2015-04-12Circulation section11302Central Library, BUET 621.011/ECK/1959General Book  32015-04-12
 2015-04-12Central Library, BUET  621_011000000000000_ECK_1959 2015-04-12Circulation section31276Central Library, BUET 621.011/ECK/1959General Book  42015-04-12
 2015-04-12Central Library, BUET  621_011000000000000_ECK_1959 2015-04-12Circulation section31274Central Library, BUET 621.011/ECK/1959General Book  52015-04-12
 2015-04-12Central Library, BUET  621_011000000000000_ECK_1959 2015-04-12Circulation section31271Central Library, BUET 621.011/ECK/1959General Book  62015-04-12
 2015-04-12Central Library, BUET  621_011000000000000_ECK_1959 2015-04-12Circulation section31272Central Library, BUET 621.011/ECK/1959General Book  72015-04-12
 2015-04-13Central Library, BUET12020-03-02621_011000000000000_ECK_1959 2015-04-13Circulation section31277Central Library, BUET 621.011/ECK/1959General Book  82021-11-28
 2015-04-13Central Library, BUET  621_011000000000000_ECK_1959 2015-04-13Circulation section11301Central Library, BUET 621.011/ECK/1959General Book  92015-04-13
 2015-04-13Central Library, BUET  621_011000000000000_ECK_1959 2015-04-13Circulation section11303Central Library, BUET 621.011/ECK/1959General Book  102015-04-13
 2015-04-13Central Library, BUET  621_011000000000000_ECK_1959 2015-04-13Circulation section24625Central Library, BUET 621.011/ECK/1959General Book  112015-04-13
 2015-04-13Central Library, BUET  621_011000000000000_ECK_1959 2015-04-13Circulation section7652Central Library, BUET 621.011/ECK/1959General Book  122015-04-13
 2015-04-13Central Library, BUET  621_011000000000000_ECK_1959 2015-04-13Circulation section24320Central Library, BUET 621.011/ECK/1959General Book  132015-04-13
 2015-04-13Central Library, BUET  621_011000000000000_ECK_1959 2015-04-13Circulation section24976Central Library, BUET 621.011/ECK/1959General Book  142015-04-13
 2015-04-13Central Library, BUET  621_011000000000000_ECK_1959 2015-04-13Circulation section31275Central Library, BUET 621.011/ECK/1959General Book  152015-04-13
 2015-06-16Central Library, BUET  621_011000000000000_ECK_1959 2015-06-16Reading section7655Central Library, BUET 621.011/ECK/1959General Book  162015-06-16